Reglamento de régimen interno de la Casa Provincial de Maternidad
Descripción Física:
36 p. ; 19 cm
Otros Autores:
Madrid. Diputación Provincial
MARC
| LEADER | 00000nam a2200000Ia 4500 | ||
|---|---|---|---|
| 001 | 20823 | ||
| 008 | 160829s1944 xx 000 0 cat d | ||
| 080 | |a FU-15-55 | ||
| 100 | |a Casa Provincial de Maternidad (Madrid) |9 47290 | ||
| 245 | |a Reglamento de régimen interno de la Casa Provincial de Maternidad | ||
| 260 | |a Madrid : |b Imprenta Provincial, |c 1944 | ||
| 300 | |a 36 p. ; |c 19 cm | ||
| 590 | |a A la part superior de la portada: Diputación Provincial de Madrid. | ||
| 590 | |a Prové de J-3372, exp. 5 | ||
| 650 | |a Casa Provincial de Maternidad (Madrid) |x Reglaments i procediment |9 47291 | ||
| 700 | |a Madrid. Diputación Provincial |9 22784 | ||
| 856 | 4 | |u https://media.diba.cat/diba/fitxers/arxiu/fulletons/bib_20823_baixa.pdf |y Accés lliure | |
| 856 | 4 | |u https://media.diba.cat/diba/fitxers/arxiu/fulletons/bib_20823_baixa.pdf |y Accés lliure | |
| 901 | |a Arxiu | ||
| 942 | |n 1 |2 udc | ||
| 952 | |0 0 |1 0 |4 0 |6 FU1555 |7 1 |9 53798 |a Arxiu |b Arxiu |d 2016-12-01 |l 0 |o FU-15-55 |p 20823 |r 2016-12-01 00:00:00 |w 2016-12-01 |y ARXIU | ||
| 999 | |c 57664 |d 57664 | ||
| 900 | |a bib_20823_baixa.pdf | ||